000 00634nam a2200181 4500
001 144667
003 ES-MaACL
005 20230906201054.0
007 t|
008 070214s1976 sp r ||||1| spa d
100 1 _aSnavely, William P.
_9106955
245 1 0 _aTeoría de los sistemas económicos
_b: capitalismo, socialismo y corporativismo /
_cWilliam P. Snavely ; [traducción de: Beatriz E. Falero].
250 _a1ª ed.
260 _aMadrid [etc.] :
_bFondo de Cultura Económica,
_c1976 (
_fHijos de E. Minuesa)
300 _a329 p. ;
_c21 cm.
700 1 _aFalero, Beatriz E.
_948730
852 _aES-MaACL
_jA-6312
_bR.95376
999 _c144667
_d144667